Central Library OPAC University of Rajshahi

سنن ابن ماجة ;; Sunan Ibn Mājah / (Record no. 78955)

MARC details
000 -LEADER
fixed length control field 01222nam a2200265 a 4500
001 - CONTROL NUMBER
control field 78955
003 - CONTROL NUMBER IDENTIFIER
rucl marc code BD-RjUL
005 - DATE AND TIME OF LATEST TRANSACTION
control field 20211209083208.0
008 - FIXED-LENGTH DATA ELEMENTS--GENERAL INFORMATION
fixed length control field 211202s2002 le 000 0 ara d
020 ## - INTERNATIONAL STANDARD BOOK NUMBER
International Standard Book Number 2745133950
035 ## - SYSTEM CONTROL NUMBER
System control number (CStRLIN)UWON04-B104
040 ## - CATALOGING SOURCE
Original cataloging agency UkOxU
Transcribing agency UkOxU
Language of cataloging eng
041 ## - LANGUAGE CODE
Language code of text/sound track or separate title ara
082 ## - DEWEY DECIMAL CLASSIFICATION NUMBER
Edition number 23
Classification number 297.12552
Author mark and year IBS 2002
100 1# - MAIN ENTRY--PERSONAL NAME
Personal name ابن ماجة، محمد بن يزيد.;; Ibn Mājah, Muḥammad ibn Yazīd,
Dates associated with a name -887
Linkage 880-01
9 (RLIN) 250943
245 10 - TITLE STATEMENT
Title سنن ابن ماجة ;; Sunan Ibn Mājah /
Statement of responsibility, etc. أبي عبد الله محمد بن يزيد القزويني ؛ ضبط نصها أحمد شمس الدين. ;; Abī ʿAbd Allāh Muḥammad ibn Yazīd al-Qazwīnī ; ḍabaṭa naṣṣahā Aḥmad Shams al-Dīn.
250 ## - EDITION STATEMENT
Edition statement al-Ṭabʿah 1.
260 ## - PUBLICATION, DISTRIBUTION, ETC. (IMPRINT)
Place of publication, distribution, etc. Karachi :
Name of publisher, distributor, etc. Nur mohammad Asih ;
Date of publication, distribution, etc. 2002.
300 ## - PHYSICAL DESCRIPTION
Pagination 335 p. ;
Size 36 cm.
500 ## - GENERAL NOTE
General note "Ṭabʿah jadīdah kāmilah fī mujallad wāḥid, mashkūlah wa-muraqqamat al-kutub wa-al-abwāb wa-al-aḥādīth ḥasab arqām al-Muʿjam al-mufahras li-alfāẓ al-Ḥadīth al-Nabawī al-sharīf."
650 #0 - SUBJECT ADDED ENTRY--TOPICAL TERM
Topical term or geographic name as entry element Hadith
Form subdivision Texts
-- Early works to 1800.
9 (RLIN) 250944
700 1# - ADDED ENTRY--PERSONAL NAME
Personal name Shams al-Dīn, Aḥmad.
942 ## - ADDED ENTRY ELEMENTS (KOHA)
Source of classification or shelving scheme Dewey Decimal Classification
Koha item type Books
Holdings
Lost status Source of classification or shelving scheme Damaged status Not for loan Collection code Permanent Location Current Location Shelving location Date acquired Full call number Date last seen Copy number Koha item type
  Dewey Decimal Classification   Not For Loan Non-fiction Central Library, University of Rajshahi Central Library, University of Rajshahi Reading Room 02/12/2021 A 297.12552 IBS 2002 02/12/2021 C-1 Books